000 00496nam a2200181Ia 4500
005 20250508151924.0
008 008 250505s9999 xx 000 0 eng d
037 _aTextual
040 _aFEDL
_beng
_cFEDL
041 _aeng
_2eng
084 _a372.891, MCB
_qFEDL
100 _aMcBain F C A
245 0 _aFirst two years of geography
260 _aLondon, UK
_bOxford University Press
_c1955
300 _a85p.
942 _cTEXL
_h372.891, MCB
999 _c1332986
_d1332986